[Event "14th Chicago Open"]
[Site "Wheeling USA"]
[Date "2010.05.29"]
[Round "4"]
[White "Yermolinsky,A"]
[Black "Rodriguez,Er"]
[Result "1-0"]
[WhiteElo "2528"]
[BlackElo "2315"]
[EventDate "2010.05.27"]

1. d4 Nf6 2. c4 c5 3. d5 b5 4. cxb5 a6 5. b6 e6 6. Nc3 exd5 7. Nxd5 Nxd5 8.
Qxd5 Nc6 9. Nf3 Rb8 10. e4 Be7 11. Bc4 O-O 12. O-O Rxb6 13. Qh5 d6 14. b3
Be6 15. Bxe6 fxe6 16. Be3 a5 17. Rfd1 Qe8 18. Qxe8 Rxe8 19. Rac1 a4 20. e5
Nxe5 21. Nxe5 dxe5 22. bxa4 Ra6 23. Bxc5 Rxa4 24. Rd7 Kf8 25. Ra7 Rxa7 26.
Bxa7 Bd6 27. Rb1 Rc8 28. a4 Ra8 29. Rb7 Rc8 30. Rb1 Ra8 31. Rb7 Rc8 32. Be3
Ra8 33. Ra7 Rb8 34. g3 Rb4 35. a5 Ra4 36. a6 1-0

[Event "14th Chicago Open"]
[Site "Wheeling USA"]
[Date "2010.05.29"]
[Round "4"]
[White "Mulyar,M"]
[Black "Gurevich,D"]
[Result "1/2-1/2"]
[WhiteElo "2398"]
[BlackElo "2488"]
[EventDate "2010.05.27"]

1. d4 d5 2. Nf3 Nf6 3. c4 e6 4. g3 c6 5. Qc2 dxc4 6. Qxc4 b5 7. Qb3 Bb7 8.
Bg2 a6 9. O-O c5 10. Nc3 cxd4 11. Rd1 Qb6 12. Nxd4 Bxg2 13. Kxg2 Bc5 14.
Be3 O-O 15. Kg1 Nbd7 16. a4 Rab8 17. axb5 axb5 18. Nc2 Rfc8 19. Bxc5 Nxc5
20. Qb4 h5 21. Ne3 Na4 1/2-1/2

[Event "14th Chicago Open"]
[Site "Wheeling USA"]
[Date "2010.05.29"]
[Round "4"]
[White "Homa,S"]
[Black "Lenderman,A"]
[Result "0-1"]
[WhiteElo "2295"]
[BlackElo "2598"]
[EventDate "2010.05.27"]

1. d4 d5 2. c4 e6 3. Nf3 Nf6 4. g3 dxc4 5. Bg2 a6 6. O-O b5 7. Ne5 Nd5 8.
a4 Bb7 9. axb5 axb5 10. Rxa8 Bxa8 11. e4 Nf6 12. Nc3 c6 13. d5 Be7 14. dxe6
fxe6 15. Qe2 O-O 16. Rd1 Qe8 17. Bh3 Bb4 18. Nf3 Bb7 19. Bf4 Kh8 20. Bd6
Bxd6 21. Rxd6 b4 22. Na4 Qh5 23. Bxe6 c5 24. Qe3 Nxe4 25. Qf4 Qe8 26. Qh4
Nxd6 27. Ng5 Qg6 0-1

[Event "14th Chicago Open"]
[Site "Wheeling USA"]
[Date "2010.05.29"]
[Round "4"]
[White "Betaneli,A"]
[Black "Perelshteyn,E"]
[Result "1/2-1/2"]
[WhiteElo "2260"]
[BlackElo "2534"]
[EventDate "2010.05.27"]

1. e4 c5 2. b3 Nc6 3. Bb2 e5 4. Bb5 Nge7 5. Ne2 d6 6. O-O g6 7. f4 Bg7 8.
Ng3 f6 9. f5 a6 10. Bxc6+ bxc6 11. d3 O-O 12. c4 Bh6 13. Bc1 Bxc1 14. Qxc1
Kg7 1/2-1/2

[Event "14th Chicago Open"]
[Site "Wheeling USA"]
[Date "2010.05.29"]
[Round "4"]
[White "Amanov,M"]
[Black "Abrahamyan,T"]
[Result "1/2-1/2"]
[WhiteElo "2479"]
[BlackElo "2290"]
[EventDate "2010.05.27"]

1. d4 Nf6 2. c4 c5 3. d5 b5 4. Qc2 g6 5. e4 bxc4 6. Bxc4 d6 7. f4 Bg7 8.
Nc3 O-O 9. Nf3 Ba6 10. Bxa6 Nxa6 11. O-O Rb8 12. Qe2 Nc7 13. Rd1 Nd7 14.
Be3 Qc8 15. Rac1 Qa6 16. Qf2 Nb5 17. Nxb5 Rxb5 18. b3 Nf6 19. Qc2 Ng4 20.
Bf2 Nxf2 21. Qxf2 Rb4 22. Re1 Qb7 23. Qd2 a5 24. e5 a4 25. bxa4 Rxa4 26.
Rc2 Rfa8 27. h4 Bh6 28. g3 Qa6 29. Rb1 Rxa2 30. Rxa2 Qxa2 31. Rb8+ Bf8 32.
Qxa2 Rxa2 33. Ng5 h6 34. Ne4 Kg7 35. Rd8 dxe5 36. Nxc5 Ra5 37. Rc8 exf4 38.
gxf4 e6 39. Nd7 Bd6 40. dxe6 fxe6 41. Rc6 Rd5 42. Kg2 Bxf4 43. Nc5 Bd6 44.
Nxe6+ Kf7 45. Nd8+ Ke7 46. Nb7 Kd7 47. Ra6 Be7 48. Rxg6 Bxh4 49. Rd6+
1/2-1/2

[Event "14th Chicago Open"]
[Site "Wheeling USA"]
[Date "2010.05.29"]
[Round "5"]
[White "Khachiyan,M"]
[Black "Adams,Mi"]
[Result "1/2-1/2"]
[WhiteElo "2539"]
[BlackElo "2697"]
[EventDate "2010.05.27"]

1. e4 c5 2. Nf3 Nc6 3. d4 cxd4 4. Nxd4 e5 5. Nf5 d5 6. Qxd5 Qxd5 7. exd5
Bxf5 8. dxc6 bxc6 9. Bd3 Bxd3 10. cxd3 O-O-O 11. Ke2 Ne7 12. Be3 Nd5 13.
Rc1 Kb7 14. Nd2 Bd6 15. Nb3 Bc7 16. Nc5+ Ka8 17. Ne4 Kb7 18. Rc4 Bb6 19.
Rac1 f5 20. Ng5 Rhe8 21. Rxc6 Nf4+ 22. Bxf4 exf4+ 23. Ne6 Re7 24. Kf1 Rxd3
25. Nxf4 Rd4 26. R6c4 Ree4 27. Rxd4 Rxd4 28. Ne2 Rd2 29. Rb1 a5 30. Ke1 Rc2
31. Kd1 Rc6 32. f3 Be3 33. Nc3 Rd6+ 34. Ke2 Bf4 35. b4 Rd2+ 36. Kf1 Be3 37.
bxa5+ Ka6 38. Ne2 Rxa2 39. f4 Rxa5 1/2-1/2

[Event "14th Chicago Open"]
[Site "Wheeling USA"]
[Date "2010.05.29"]
[Round "5"]
[White "Van Wely,L"]
[Black "Yermolinsky,A"]
[Result "1/2-1/2"]
[WhiteElo "2653"]
[BlackElo "2528"]
[EventDate "2010.05.27"]

1. d4 Nf6 2. c4 e6 3. Nf3 Bb4+ 4. Nbd2 d6 5. a3 Bxd2+ 6. Qxd2 Nbd7 7. Qc2
O-O 8. e4 e5 9. Be2 Qe7 10. d5 a5 11. b3 Nc5 12. Nd2 Ne8 13. g4 c6 14. Rb1
Bd7 15. b4 axb4 16. axb4 Na4 17. dxc6 bxc6 18. c5 Be6 19. Ra1 Nb6 20. Ra5
Rxa5 21. bxa5 Nd7 22. cxd6 Nxd6 23. Ba3 c5 24. O-O Qg5 25. h3 h5 26. Nf3
Qf4 27. Bc1 Qxe4 28. Qxe4 Nxe4 29. Bd3 Nef6 30. Ng5 Bb3 31. gxh5 c4 32. Bf5
Ra8 33. Bd2 Nc5 34. Re1 Nd3 35. Bxd3 cxd3 36. Rxe5 Bd5 37. f3 Rd8 38. Re7
Nxh5 39. a6 Nf6 40. Ne4 Nxe4 41. fxe4 Bc6 42. e5 Rd7 43. Rxd7 Bxd7 44. Bb4
d2 45. Bxd2 Kf8 46. Kf2 Ke7 47. h4 g6 48. Ke3 Kd8 49. a7 Bc6 50. Kf4 Kc8
51. Kg5 Kb7 52. Kf6 Bd5 53. Be3 1/2-1/2

[Event "14th Chicago Open"]
[Site "Wheeling USA"]
[Date "2010.05.29"]
[Round "5"]
[White "Gareev,T"]
[Black "Shankland,S"]
[Result "1/2-1/2"]
[WhiteElo "2599"]
[BlackElo "2507"]
[EventDate "2010.05.27"]

1. d4 d5 2. c4 c6 3. Nc3 dxc4 4. Nf3 Nf6 5. e4 b5 6. e5 Nd5 7. a4 e6 8. Be2
Be7 9. O-O O-O 10. Ne4 Nd7 11. Bd2 Bb7 12. b3 cxb3 13. axb5 cxb5 14. Bxb5
b2 15. Ra2 Rb8 16. Rxb2 Ba6 17. Qa4 Nc7 18. Nc3 Bxb5 19. Nxb5 a6 20. Nxc7
Rxb2 21. Ba5 Nb6 22. Qa1 Rb3 23. Qd1 Rxf3 24. Bxb6 Qb8 25. Bc5 Qxc7 26.
Qxf3 Bxc5 27. Rc1 Rd8 28. dxc5 Qxe5 29. c6 Qc7 30. Rb1 Rc8 31. g3 f6 32.
Rc1 Qd6 1/2-1/2

[Event "14th Chicago Open"]
[Site "Wheeling USA"]
[Date "2010.05.29"]
[Round "5"]
[White "Sarkar,J"]
[Black "Fridman,D2"]
[Result "1-0"]
[WhiteElo "2378"]
[BlackElo "2654"]
[EventDate "2010.05.27"]

1. d4 Nf6 2. c4 e6 3. Nc3 Bb4 4. Qc2 O-O 5. e4 c5 6. e5 cxd4 7. a3 Qa5 8.
axb4 Qxa1 9. exf6 dxc3 10. fxg7 Re8 11. bxc3 e5 12. Nh3 a5 13. b5 d5 14.
Ng5 e4 15. Be2 Bf5 16. O-O d4 17. cxd4 Qxd4 18. Bb2 Qd8 19. f4 h6 20. g4
hxg5 21. gxf5 gxf4 22. f6 Qc7 23. Qc1 e3 24. Qe1 1-0

[Event "14th Chicago Open"]
[Site "Wheeling USA"]
[Date "2010.05.29"]
[Round "5"]
[White "Lenderman,A"]
[Black "Holt,C"]
[Result "1-0"]
[WhiteElo "2598"]
[BlackElo "2375"]
[EventDate "2010.05.27"]

1. d4 d5 2. c4 c6 3. Nf3 Nf6 4. Nc3 dxc4 5. a4 Bf5 6. Ne5 Nbd7 7. Nxc4 Nb6
8. Ne5 a5 9. e3 h6 10. f3 e6 11. e4 Bh7 12. Be2 Bb4 13. O-O O-O 14. Na2 Be7
15. Be3 Nfd7 16. Nd3 Nc4 17. Bf2 Bg5 18. f4 Be7 19. Bf3 Kh8 20. Qc2 Nd6 21.
Nc5 Nf6 22. Nc3 b6 23. Nb3 Nd5 24. g3 Qd7 25. Rfe1 Rfe8 26. Qe2 Nxc3 27.
bxc3 f5 28. e5 Ne4 29. Bxe4 fxe4 30. Nd2 b5 31. Nxe4 bxa4 32. Rxa4 c5 33.
Rea1 cxd4 34. Bxd4 Qc6 35. Nd6 Reb8 36. Qc4 Qd7 37. Rxa5 Rxa5 38. Rxa5 Bxd6
39. Ra7 Rb1+ 40. Kf2 Rb2+ 41. Ke3 Rb7 42. Rxb7 Qxb7 43. exd6 Bf5 44. Bxg7+
Kxg7 45. Qc7+ Qxc7 46. dxc7 e5 47. fxe5 h5 48. Kd4 Kf7 49. Kc5 1-0

[Event "14th Chicago Open"]
[Site "Wheeling USA"]
[Date "2010.05.29"]
[Round "5"]
[White "Sedlak,N"]
[Black "Mandiza,F"]
[Result "1-0"]
[WhiteElo "2567"]
[BlackElo "2315"]
[EventDate "2010.05.27"]

1. d4 Nf6 2. c4 c5 3. d5 e6 4. Nc3 exd5 5. cxd5 d6 6. Nf3 g6 7. g3 Bg7 8.
Bg2 O-O 9. O-O Re8 10. Bf4 h6 11. Re1 g5 12. Bd2 Bf5 13. h4 g4 14. Nh2 h5
15. Nf1 Nbd7 16. Ne3 Bg6 17. Nc4 Nb6 18. Na5 Rb8 19. Qb3 Nfd7 20. Bg5 Bf6
21. Bf4 Be5 22. e3 c4 23. Qb5 Nc5 24. Bxe5 Rxe5 25. Nxc4 Bd3 26. Qxc5 dxc5
27. Nxe5 Bh7 28. Rad1 Qf6 29. Nd3 Bxd3 30. Rxd3 Nc4 31. b3 Ne5 32. Ne4 Qf5
33. Rd2 b6 34. Red1 Rd8 35. d6 Nf3+ 36. Bxf3 Qxf3 37. Ng5 Qc6 38. d7 b5 39.
Rd6 Qc7 40. e4 c4 41. e5 c3 42. e6 c2 43. e7 cxd1=Q+ 44. Rxd1 Qb8 45. Ne4
Kg7 46. exd8=Q 1-0

[Event "14th Chicago Open"]
[Site "Wheeling USA"]
[Date "2010.05.29"]
[Round "5"]
[White "Hughes,T"]
[Black "Mitkov,N1"]
[Result "0-1"]
[WhiteElo "2296"]
[BlackElo "2509"]
[EventDate "2010.05.27"]

1. d4 d5 2. c4 e6 3. Nc3 Bb4 4. Qa4+ Nc6 5. e3 Nf6 6. Nf3 O-O 7. Qc2 Re8 8.
a3 Bd6 9. c5 Bf8 10. Bb5 Nd7 11. O-O Ne7 12. b4 h6 13. e4 a5 14. bxa5 Rxa5
15. e5 b6 16. cxb6 c6 17. Bd3 Nxb6 18. Nd2 Ba6 19. Bh7+ Kh8 20. Nb3 Bxf1
21. Nxa5 Ba6 22. Bd3 Qa8 23. Nb3 Bxd3 24. Qxd3 Nf5 25. g4 Nh4 26. a4 Nc4
27. f4 Rb8 28. Nd2 c5 29. Ne2 cxd4 30. Nxd4 Bc5 31. Kf1 Bxd4 32. Qxd4 Nxd2+
33. Bxd2 Nf3 34. Qf2 d4 35. Be1 Rb3 36. Qc2 Qa6+ 37. Kg2 Qb7 38. Kf1 Rb2
0-1

[Event "14th Chicago Open"]
[Site "Wheeling USA"]
[Date "2010.05.29"]
[Round "5"]
[White "Gurevich,D"]
[Black "Gorman,D"]
[Result "1-0"]
[WhiteElo "2488"]
[BlackElo "2298"]
[EventDate "2010.05.27"]

1. d4 Nf6 2. c4 g6 3. Nc3 Bg7 4. e4 d6 5. Nf3 O-O 6. Be2 e5 7. O-O Nc6 8.
d5 Ne7 9. Ne1 Nd7 10. Be3 f5 11. f3 Nf6 12. c5 Rf7 13. Rc1 Kh8 14. Nb5 Neg8
15. cxd6 cxd6 16. Nxa7 Rxa7 17. Bxa7 b6 18. Qc2 Rxa7 19. Qxc8 Qxc8 20. Rxc8
Rxa2 21. Nd3 Bh6 22. h4 Be3+ 23. Kh2 Kg7 24. Rc7+ Kf8 25. g4 Ne7 26. g5 Nh5
27. Rb1 h6 28. Nb4 Ra4 29. Nc6 Nxc6 30. dxc6 fxe4 31. fxe4 Rxe4 32. Bxh5
gxh5 33. Ra1 1-0

[Event "14th Chicago Open"]
[Site "Wheeling USA"]
[Date "2010.05.29"]
[Round "5"]
[White "Gerzhoy,L"]
[Black "Haskel,J"]
[Result "1-0"]
[WhiteElo "2469"]
[BlackElo "2241"]
[EventDate "2010.05.27"]

1. e4 e6 2. d4 d5 3. Nc3 Nf6 4. Bg5 Be7 5. e5 Nfd7 6. Bxe7 Qxe7 7. f4 a6 8.
Nf3 Nb6 9. Qd2 Bd7 10. O-O-O Bb5 11. Kb1 Bxf1 12. Rhxf1 Nc4 13. Qc1 Nc6 14.
f5 h6 15. g4 O-O-O 16. b3 Na3+ 17. Ka1 Nb5 18. Ne2 Kb8 19. c4 Nba7 20. Nf4
dxc4 21. bxc4 exf5 22. gxf5 Nc8 23. d5 Nxe5 24. Rde1 f6 25. Nxe5 fxe5 26.
Ng6 Qf6 27. Nxh8 Rxh8 28. Qb2 Re8 29. c5 b6 30. Re4 Ka7 31. Rfe1 Qxf5 32.
Rxe5 Rxe5 33. cxb6+ Nxb6 34. Qxe5 Qc2 35. d6 Nd5 36. dxc7 Nb4 37. Qd4+ 1-0

[Event "14th Chicago Open"]
[Site "Wheeling USA"]
[Date "2010.05.29"]
[Round "5"]
[White "Alvarez,Er USA"]
[Black "Bercys,S"]
[Result "0-1"]
[WhiteElo "2257"]
[BlackElo "2427"]
[EventDate "2010.05.27"]

1. d4 d5 2. c4 e6 3. Nc3 c6 4. Nf3 Nf6 5. Qd3 b6 6. e4 Ba6 7. Qc2 dxc4 8.
e5 Nd5 9. Bg5 Qc7 10. Be2 h6 11. Bh4 Bb4 12. O-O O-O 13. Rac1 Re8 14. Qe4
Nd7 15. Qg4 Bxc3 16. bxc3 c5 17. Nd2 f5 18. exf6 N7xf6 19. Qf3 Qf4 20. Bxf6
gxf6 21. Qg3+ Qxg3 22. fxg3 cxd4 23. Bf3 Nxc3 24. Bxa8 Ne2+ 25. Kh1 Rxa8
26. Rce1 c3 27. Nb3 f5 0-1

[Event "14th Chicago Open"]
[Site "Wheeling USA"]
[Date "2010.05.29"]
[Round "5"]
[White "Finegold,B"]
[Black "Betaneli,A"]
[Result "1/2-1/2"]
[WhiteElo "2539"]
[BlackElo "2260"]
[EventDate "2010.05.27"]

1. d4 d5 2. c4 e6 3. Nc3 Be7 4. Nf3 Nf6 5. Bg5 h6 6. Bxf6 Bxf6 7. e3 O-O 8.
Qd2 c5 9. cxd5 cxd4 10. Nxd4 exd5 11. Bb5 Qd6 12. Rc1 Rd8 13. Nce2 Bd7 14.
Bxd7 Qxd7 15. O-O Nc6 16. Nxc6 bxc6 17. Rc2 d4 18. exd4 Bxd4 19. Nxd4 Qxd4
20. Qc1 Rac8 21. b3 Rd6 22. Rc4 Qd2 23. Qxd2 Rxd2 24. Ra4 Re8 25. Rxa7 Ree2
26. a4 Ra2 27. h3 Reb2 28. Rc7 g6 29. Rb7 Rxa4 30. bxa4 Rxb7 31. Ra1 Kf8
32. Kf1 Ke7 33. Ke2 Kd6 34. Kd3 Kc5 35. Rc1+ Kd5 36. Kc3 Ra7 37. Rd1+ Kc5
38. Rd4 h5 39. g4 hxg4 40. hxg4 Ra8 41. Rf4 Ra7 42. g5 Kb6 43. Rb4+ Kc5 44.
Re4 Kd5 45. Rd4+ Kc5 46. f4 Re7 47. Rc4+ Kd5 48. a5 Ra7 49. Ra4 Kc5 50. Ra1
Ra8 51. a6 Kb6 52. Rb1+ Kxa6 53. Kd4 Re8 54. Rb4 Re6 55. Kc5 Ka7 56. Rd4 f6
57. Rd7+ Ka6 58. Rg7 fxg5 59. fxg5 Re5+ 60. Kxc6 Rxg5 61. Kd6 Rb5 62. Ke6
Rb6+ 63. Kf7 Kb5 64. Rxg6 Rxg6 65. Kxg6 1/2-1/2

[Event "14th Chicago Open"]
[Site "Wheeling USA"]
[Date "2010.05.30"]
[Round "6"]
[White "Yermolinsky,A"]
[Black "Gareev,T"]
[Result "1/2-1/2"]
[WhiteElo "2528"]
[BlackElo "2599"]
[EventDate "2010.05.27"]

1. d4 Nf6 2. c4 g6 3. Nc3 Bg7 4. e4 d6 5. Nf3 O-O 6. Be2 e5 7. O-O Qe8 8.
dxe5 dxe5 9. b3 Qe7 10. Nd5 Nxd5 11. cxd5 Rd8 12. Bg5 Bf6 13. Bxf6 Qxf6 14.
Qc2 c6 15. Rfd1 Bg4 16. h3 Bxf3 17. Bxf3 Rd6 18. Rac1 Nd7 19. Qc3 Qe7 20.
Qe3 cxd5 21. Rxd5 Nf6 22. Rxd6 Qxd6 23. Qc5 Ne8 24. Be2 b6 25. Qxd6 Nxd6
26. Rc7 Rc8 27. Rxa7 Rc1+ 28. Kh2 Rc2 29. Bf3 Nb5 30. Ra6 Nd4 31. a4 b5 32.
axb5 Nxb5 33. Ra5 1/2-1/2

[Event "14th Chicago Open"]
[Site "Wheeling USA"]
[Date "2010.05.30"]
[Round "6"]
[White "Kacheishvili,G"]
[Black "Gerzhoy,L"]
[Result "1-0"]
[WhiteElo "2587"]
[BlackElo "2469"]
[EventDate "2010.05.27"]

1. c4 Nf6 2. Nc3 c5 3. Nf3 e6 4. g3 b6 5. Bg2 Bb7 6. O-O Be7 7. Re1 d5 8.
cxd5 exd5 9. d4 O-O 10. Bf4 Na6 11. Rc1 Ne4 12. dxc5 Naxc5 13. Be3 Re8 14.
Bh3 Bf8 15. Nb5 a6 16. Nbd4 b5 17. Rc2 b4 18. Qc1 a5 19. Nd2 Nxd2 20. Bxd2
Ne4 21. Be3 a4 22. f3 Nd6 23. Bf2 Qf6 24. Rd1 Bc8 25. Bf1 Bd7 26. b3 axb3
27. axb3 Rec8 28. Rxc8 Rxc8 29. Qa1 Nb5 30. Nxb5 Qxa1 31. Rxa1 Bxb5 32. Ra5
Rb8 33. Ba7 Ra8 34. Rxb5 Rxa7 35. f4 d4 36. Bg2 g6 37. Bd5 Kg7 38. Kf2 h5
39. h3 Rc7 40. Bc4 Re7 41. Rd5 Rc7 42. Kf3 Bc5 43. g4 hxg4+ 44. hxg4 Kf6
45. g5+ Kg7 46. Rd8 Re7 47. Rd5 Rc7 48. Ke4 Re7+ 49. Kd3 Rc7 50. Rd8 Re7
51. Rd5 Rc7 52. Kc2 Bb6 53. Rd6 Bc5 54. Rf6 Ba7 55. Kd3 Re7 56. Bd5 Rc7 57.
Ke4 Re7+ 58. Kf3 Rd7 59. Bc4 Re7 60. Rc6 Re3+ 61. Kg4 Re7 62. Bd3 Rb7 63.
Rc4 Kf8 64. Kf3 Kg7 65. Be4 Rb5 66. Rc7 Bb8 67. Rd7 Rc5 68. Kg4 Rc3 69. Bd3
Rxb3 70. Bc4 Rc3 71. Rxf7+ Kh8 72. Bd3 Bc7 73. Bxg6 b3 74. Be4 b2 75. g6
Rc5 76. Bb1 1-0

[Event "14th Chicago Open"]
[Site "Wheeling USA"]
[Date "2010.05.30"]
[Round "6"]
[White "Kekelidze,M"]
[Black "Sedlak,N"]
[Result "0-1"]
[WhiteElo "2436"]
[BlackElo "2567"]
[EventDate "2010.05.27"]

1. d4 e6 2. c4 f5 3. g3 Nf6 4. Bg2 c6 5. Qc2 d5 6. Nh3 Bd6 7. O-O O-O 8.
Rd1 Bd7 9. Nd2 h6 10. Nf4 Bxf4 11. gxf4 Be8 12. b3 Kh8 13. Nf3 Bh5 14. Ne5
Nbd7 15. Rd3 Ne4 16. f3 Nxe5 17. dxe5 Nc5 18. Rd2 Rg8 19. cxd5 Qb6 20. e3
cxd5 21. Bb2 Rac8 22. Bd4 Qd8 23. Bxc5 b6 24. Qd3 bxc5 25. e4 Qb6 26. exd5
exd5 27. Kh1 Rgf8 28. Qe3 Bf7 29. Bf1 Be6 30. Rc1 Rc7 31. Bd3 Rfc8 32. Bb1
Qb4 33. Rg2 c4 34. Rcg1 c3 35. Bc2 d4 36. Qd3 Qc5 37. Rg6 Qd5 38. R1g3 a5
39. Kg1 a4 40. Rg2 Re8 41. h4 axb3 42. Bxb3 Qc5 43. Rxe6 Rxe6 44. Bxe6 c2
45. Rxc2 Qxc2 46. Qxc2 Rxc2 47. Bxf5 Rxa2 48. Kf1 Rh2 49. h5 Rxh5 50. e6
Kg8 51. Bg6 Rh1+ 52. Ke2 Kf8 53. Kd3 Rd1+ 54. Ke2 Rg1 55. Bf7 Ke7 56. Kd3
Rd1+ 57. Ke2 Rh1 58. Kd3 h5 59. Kxd4 h4 60. Ke3 Rh2 61. Bh5 h3 62. Bg4 Re2+
0-1

[Event "14th Chicago Open"]
[Site "Wheeling USA"]
[Date "2010.05.30"]
[Round "6"]
[White "Sarkar,J"]
[Black "Friedel,J"]
[Result "1/2-1/2"]
[WhiteElo "2378"]
[BlackElo "2528"]
[EventDate "2010.05.27"]

1. d4 Nf6 2. c4 e6 3. Nc3 Bb4 4. Qc2 O-O 5. a3 Bxc3+ 6. Qxc3 d5 7. Bg5 h6
8. Bh4 dxc4 9. Qxc4 b6 10. Rd1 Ba6 11. Qc2 Nbd7 12. e4 Bxf1 13. Kxf1 Qc8
14. Qc6 Qa6+ 15. Ne2 Rad8 16. f3 Nc5 17. Bg3 Rd7 18. b4 Qa4 19. Qxa4 Nxa4
20. Rc1 Nh5 21. Rc6 Nxg3+ 22. hxg3 e5 23. d5 f5 24. Ke1 fxe4 25. fxe4 Nb2
26. Nc1 b5 27. Rf1 Rxf1+ 28. Kxf1 Nc4 29. Ke2 Rd6 30. Rxc7 Ra6 31. Nb3 Rxa3
32. Na5 Re3+ 33. Kf2 Rxe4 34. Nxc4 Rxc4 35. d6 Rd4 36. d7 Kf8 37. Rxa7 Ke7
38. d8=B+ Kxd8 39. Rxg7 Rxb4 40. Rh7 Rb3 41. g4 b4 42. Rxh6 Ke7 43. Rb6 e4
44. g5 Kf7 45. g6+ Kg7 46. Re6 Rb2+ 1/2-1/2

[Event "14th Chicago Open"]
[Site "Wheeling USA"]
[Date "2010.05.30"]
[Round "6"]
[White "Mikhalevski,V"]
[Black "Abrahamyan,T"]
[Result "1-0"]
[WhiteElo "2614"]
[BlackElo "2290"]
[EventDate "2010.05.27"]

1. d4 Nf6 2. c4 g6 3. g3 Bg7 4. Bg2 O-O 5. Nc3 d6 6. Nf3 Nc6 7. O-O a6 8.
Qd3 Nd7 9. Be3 e5 10. Qd2 Rb8 11. Rac1 f5 12. Bg5 Nf6 13. dxe5 dxe5 14.
Qxd8 Rxd8 15. Nd5 Kf7 16. Rfd1 e4 17. Ne1 Be6 18. b3 Rd7 19. Nf4 Rbd8 20.
Nxe6 Kxe6 21. Rxd7 Rxd7 22. f3 h6 23. Bxf6 Bxf6 24. fxe4 Rd2 25. exf5+ gxf5
26. Bxc6 bxc6 27. Rc2 Rd1 28. Kf2 Bd4+ 29. e3 Bxe3+ 30. Ke2 Ra1 31. Nd3 Bd4
32. Nb4 c5 33. Nxa6 Ke5 34. Kd3 c6 35. b4 Kd6 36. Rd2 1-0

[Event "14th Chicago Open"]
[Site "Wheeling USA"]
[Date "2010.05.30"]
[Round "6"]
[White "Stocek,J"]
[Black "Rodriguez,Er"]
[Result "1-0"]
[WhiteElo "2593"]
[BlackElo "2315"]
[EventDate "2010.05.27"]

1. d4 Nf6 2. c4 c5 3. d5 b5 4. Nf3 Bb7 5. Qc2 Na6 6. Nc3 Nb4 7. Qd1 bxc4 8.
e4 Nd3+ 9. Bxd3 cxd3 10. O-O c4 11. b3 Qa5 12. Bd2 Ba6 13. Ne5 e6 14. Nxc4
Qc7 15. Re1 Bxc4 16. bxc4 Qxc4 17. a4 Be7 18. d6 Bd8 19. Rc1 O-O 20. Qf3
Rb8 21. h3 Rb3 22. a5 Bxa5 23. e5 Bxc3 24. exf6 Qd4 25. Rxc3 Rxc3 26. Re4
Qc5 27. Qg3 g6 28. Qf4 g5 29. Qg3 Kh8 30. Re5 Qd4 31. Rxg5 Rc4 32. Qf3 Qa1+
33. Kh2 Qd4 34. Rg7 Qe5+ 35. g3 Qf5 36. Rxf7 Rg8 37. Kg2 Qxf3+ 38. Kxf3 Rc5
39. Rxd7 Rf5+ 40. Ke3 Rc8 41. Rc7 Rd8 42. Bc3 Kg8 43. Rg7+ Kf8 44. Rxh7 1-0

[Event "14th Chicago Open"]
[Site "Wheeling USA"]
[Date "2010.05.30"]
[Round "6"]
[White "Rosen,E"]
[Black "Ehlvest,J"]
[Result "0-1"]
[WhiteElo "2182"]
[BlackElo "2591"]
[EventDate "2010.05.27"]

1. e4 c5 2. Nc3 e6 3. f4 Nc6 4. Nf3 a6 5. g3 d5 6. d3 Nge7 7. Bg2 g6 8. O-O
Bg7 9. Qe2 O-O 10. Nd1 Bd7 11. Be3 Nd4 12. Qf2 Nxf3+ 13. Bxf3 b6 14. Re1
Qc7 15. c3 a5 16. Qc2 a4 17. Re2 Rfd8 18. Rc1 Bc6 19. Bg2 Bb7 20. Bd2 a3
21. b3 Nc6 22. Nf2 b5 23. Qd1 dxe4 24. Bxe4 Rac8 25. Be3 Qe7 26. Qf1 b4 27.
cxb4 Nxb4 28. Bxb7 Qxb7 29. Rd2 Bb2 30. Rxc5 Nxa2 31. Qd1 Nc3 32. Qc2 Nd5
33. Rxc8 Rxc8 34. Bc5 Ne3 0-1

[Event "14th Chicago Open"]
[Site "Wheeling USA"]
[Date "2010.05.30"]
[Round "6"]
[White "Ni,V"]
[Black "Vojinovic,G"]
[Result "0-1"]
[WhiteElo "2159"]
[BlackElo "2447"]
[EventDate "2010.05.27"]

1. d4 Nf6 2. c4 d6 3. Nc3 Bf5 4. Nf3 c6 5. g3 g6 6. Bg2 Bg7 7. O-O O-O 8.
Re1 Ne4 9. Nh4 Nxc3 10. bxc3 Bc8 11. e4 Nd7 12. Be3 Qa5 13. Qd3 Nb6 14.
Rac1 c5 15. Bf1 Be6 16. d5 Bd7 17. f4 Na4 18. e5 Qc7 19. exd6 exd6 20. f5
Rae8 21. Bd2 Qd8 22. Bg2 Rxe1+ 23. Rxe1 Re8 24. Be4 Qf6 25. fxg6 hxg6 26.
Nf3 Nb2 27. Qf1 Bg4 28. Kg2 Bxf3+ 29. Bxf3 Rxe1 30. Bxe1 Qe5 31. Bd2 Na4
32. Qb1 Nb6 33. Qb5 Qe7 34. a4 Qd7 35. a5 Qxb5 36. cxb5 Nc4 37. Bf4 Be5 38.
Be2 Nxa5 39. Bxe5 dxe5 40. Kf3 f5 41. g4 b6 42. h4 Nb7 43. h5 Kg7 44. hxg6
Kxg6 45. gxf5+ Kxf5 46. Bd3+ Kf6 47. Ke3 Nd6 48. c4 Ke7 49. Bf1 Ne8 50. Ke4
Kd6 51. Kf5 Nc7 52. Ke4 a5 53. bxa6 Nxa6 54. Kf5 Nb8 55. Kf6 Nd7+ 56. Kf5
b5 57. cxb5 Kxd5 58. Bd3 Kd4 59. Bb1 Nb6 60. Be4 c4 61. Bc2 c3 62. Be4 Nc4
63. Bb1 Nd6+ 0-1

[Event "14th Chicago Open"]
[Site "Wheeling USA"]
[Date "2010.05.30"]
[Round "6"]
[White "Lein,A"]
[Black "Finegold,B"]
[Result "0-1"]
[WhiteElo "2310"]
[BlackElo "2539"]
[EventDate "2010.05.27"]

1. e4 c5 2. Nf3 Nc6 3. Bb5 e6 4. Bxc6 bxc6 5. d3 Ne7 6. Qe2 Ng6 7. h4 Qc7
8. g3 h5 9. b3 e5 10. Nbd2 d6 11. Nc4 Ne7 12. Nh2 f6 13. Ne3 d5 14. c4 d4
15. Nd1 Ng6 16. Nb2 Bd6 17. Na4 Nf8 18. Ba3 Ne6 19. O-O-O Ba6 20. Qd2 Bb5
21. cxb5 cxb5 22. Nb2 a5 23. Kb1 O-O 24. Qc2 Rfb8 25. Rc1 Qd7 26. Nd1 a4
27. Bb2 axb3 28. Qxb3 c4 29. dxc4 Nc5 30. Qc2 Qa7 31. a3 b4 32. a4 d3 33.
Qd2 Qxa4 0-1

[Event "14th Chicago Open"]
[Site "Wheeling USA"]
[Date "2010.05.30"]
[Round "6"]
[White "Cao,K"]
[Black "Kobas,A"]
[Result "1/2-1/2"]
[WhiteElo "1998"]
[BlackElo "2320"]
[EventDate "2010.05.27"]

1. e4 c5 2. Nf3 a6 3. d4 cxd4 4. Nxd4 Nf6 5. Nc3 e5 6. Nb3 Bb4 7. Bd3 b5 8.
Bd2 d6 9. Qe2 O-O 10. O-O Nbd7 11. a3 Bxc3 12. Bxc3 Bb7 13. Rad1 Re8 14.
Bb4 Qb6 15. Na5 Nc5 16. Nxb7 Qxb7 17. Rde1 Rac8 18. Bxc5 dxc5 19. c3 Rcd8
20. Bb1 Rd7 21. f4 Qc7 22. f5 Red8 23. Rd1 h5 24. Bc2 c4 25. Rxd7 Rxd7 26.
h3 h4 27. Rd1 a5 28. Rxd7 Qxd7 29. Qe1 Qd6 30. Kh2 Qd8 31. a4 Qb6 32. Qe2
Qc6 33. axb5 Qxb5 34. b3 Qc5 35. bxc4 Qa3 36. Qe3 Qa2 37. Qd3 Qa3 38. Qe3
Nd7 39. Qd3 Qe7 40. Qd5 Kh7 41. Qxa5 Qg5 42. Qa1 Qe3 43. Qd1 Qg3+ 44. Kh1
Qe3 45. Qxd7 Qe1+ 46. Kh2 Qg3+ 1/2-1/2

[Event "14th Chicago Open"]
[Site "Wheeling USA"]
[Date "2010.05.30"]
[Round "6"]
[White "Shankar,G"]
[Black "Gurczak,J"]
[Result "1-0"]
[WhiteElo "2289"]
[BlackElo "2069"]
[EventDate "2010.05.27"]

1. e4 c5 2. Nc3 Nc6 3. g3 g6 4. Bg2 Bg7 5. d3 d6 6. Be3 Rb8 7. Qd2 b5 8.
Nge2 e6 9. O-O Nge7 10. Bh6 O-O 11. Bxg7 Kxg7 12. f4 Qc7 13. g4 f5 14. gxf5
exf5 15. Rae1 b4 16. Nd5 Nxd5 17. exd5 Ne7 18. c4 bxc3 19. Qxc3+ Kg8 20.
Nd4 Rb4 21. Nc2 Ra4 22. Rf2 Ba6 23. d4 Nc8 24. b4 c4 25. a3 Bb5 26. Rfe2 a5
27. h4 Qg7 28. bxa5 Bd7 29. Rb1 Na7 30. Rb7 Nb5 31. Qe3 c3 32. Qe7 Nxd4 33.
Qxg7+ Kxg7 34. Rxd7+ Rf7 35. Rxf7+ Kxf7 36. Nxd4 Rxd4 37. Rc2 Rxf4 38. a6
Ra4 39. Rxc3 Rxa6 40. Rc7+ Kf6 41. Rc6 Rxa3 42. Rxd6+ Ke7 43. Rb6 h5 44.
Rxg6 Ra4 45. Rg5 Rxh4 46. Rxf5 Rb4 47. Rxh5 Rb2 48. Rh6 Rd2 49. Kh2 Kd7 50.
Kg3 Rd3+ 51. Kf4 Rd4+ 52. Ke5 Rd1 53. Bh3+ Kd8 1-0

[Event "14th Chicago Open"]
[Site "Wheeling USA"]
[Date "2010.05.30"]
[Round "7"]
[White "Sedlak,N"]
[Black "Adams,Mi"]
[Result "1/2-1/2"]
[WhiteElo "2567"]
[BlackElo "2697"]
[EventDate "2010.05.27"]

1. d4 Nf6 2. c4 e6 3. Nc3 Bb4 4. e3 O-O 5. Bd3 d5 6. Nf3 c5 7. O-O Nc6 8.
a3 Ba5 9. dxc5 Bxc3 10. bxc3 e5 11. cxd5 Qxd5 12. Bb5 Qxc5 13. a4 Rd8 14.
Qb3 e4 15. Nd4 Qg5 16. f4 exf3 17. Nxf3 Qh5 18. Be2 Re8 19. c4 Qc5 20. Qb5
Nd7 21. Kh1 a6 22. Qb1 h6 23. Nd4 Nde5 24. Ba3 Qa5 25. Bh5 Qc7 26. Qe4 Bd7
27. Qf4 f6 28. Bxe8 Rxe8 29. Qg3 Kh7 30. Rad1 Na5 31. c5 Nac4 32. Bb4 a5
33. Bc3 Qxc5 34. Nb3 Qa3 35. Bxe5 Nxe5 36. Nxa5 Qb4 37. Qe1 Qxe1 38. Rfxe1
Bxa4 39. Rd4 1/2-1/2